15 najbardziej zaludnionych państw mówiące romańskim - Statystyki

Ogólne statystyki
  • Ten quiz został rozwiązany 126 razy
  • Średni wynik to 10 z 15
Statystyki odpowiedzi
Populacja Kraj % Poprawnych
47.5 mln Hiszpania
92%
58.8 mln Włochy
90%
67.6 mln Francja
86%
217 mln Brazylia
80%
45.9 mln Argentyna
76%
19.7 mln Chile
75%
129 mln Meksyk
75%
52.3 mln Kolumbia
74%
19.7 mln Rumunia
73%
29.2 mln Wenezuela
73%
34.6 mln Peru
72%
12.5 mln Boliwia
65%
18.3 mln Ekwador
63%
18.2 mln Gwatemala
35%
11.8 mln Haiti
16%
Nie znaleziono quizów pasujących do podanych kryteriów
Rozkład punktacji
Procent ludzi z każdym wynikiem
Percentyl według liczby udzielonych odpowiedzi
Twoja historia wyników
Nie rozwiązałeś tego quizu